LEADER 01377nam0 22003131i 450 001 UON00192040 005 20231205103218.978 010 $a97-220-1236-3 100 $a20030730d1995 |0itac50 ba 101 $apor 102 $aPT 105 $a|||| 1|||| 200 1 $aCoimbra nunca vista$fManuel Alegre 210 $aLisboa$cPublicações Dom Quixote$d1995. 91 p. ; 21 cm. 311 $aVol. XXXIX, 1 (1997) ; p. 233$9UON00100733 316 $aDono prof.M. Alegre$5IT-UONSI PortI/0164 461 0$1001UON00100733$12001 $aAnnali Istituto Universitario Orientale. Sezione Romanza$1205 $aVol. 1$bn. 1 (1959)- $1207 $aNapoli : I.U.O., 1959- $1210 $a v.$a24 cm$1215 $aSemestrale$v Vol. XXXIX, 1 (1997) ; p. 233 606 $aSCRITTORI PORTOGHESI$3UONC039710$2FI 606 $aPOETI PORTOGHESI$3UONC039711$2FI 620 $aPT$dLisboa$3UONL003135 676 $a869.1$cPoesia portoghese$v12 700 1$aALEGRE$bManuel$3UONV108406$0253882 712 $aDom Quixote$3UONV264466$4650 801 $aIT$bSOL$c20240220$gRICA 899 $aSIBA - SISTEMA BIBLIOTECARIO DI ATENEO$2UONSI 912 $aUON00192040 950 $aSIBA - SISTEMA BIBLIOTECARIO DI ATENEO$dSI Port I 0164 $eSI LO 58017 5 0164 Dono prof.M. Alegre 996 $aCoimbra nunca vista$91293525 997 $aUNIOR LEADER 01267nam0 22002771i 450 001 UON00308756 005 20231205104045.541 100 $a20080228d1931 |0itac50 ba 101 $aeng 102 $aGB 105 $a|||| 1|||| 200 1 $aˆThe ‰complete works of William Hazlitt. 2.: A new and improved grammar of the English tongue and lectures on English philosophy$fedited by P.P. Howe after the edition of A.R. Waller and Arnold Glover 210 $aLondon$aToronto$cJ.M. Dent and Sons$d1931 215 $a293 p.$cill.$d23 cm. 620 $aCA$dToronto$3UONL000778 620 $aGB$dLondon$3UONL003044 676 $a820$cLetteratura inglese e antico inglese$v21 700 1$aHAZLITT$bWilliam$3UONV025748$0163960 702 1$aHOWE$bP.P.$3UONV176704 712 $aDent & Sons$3UONV258498$4650 801 $aIT$bSOL$c20240220$gRICA 899 $aSIBA - SISTEMA BIBLIOTECARIO DI ATENEO$2UONSI 912 $aUON00308756 950 $aSIBA - SISTEMA BIBLIOTECARIO DI ATENEO$dSI Angl O.C 6 b $eSI LO 71426 5 b 996 $aComplete works of William Hazlitt. 2.: A new and improved grammar of the English tongue and lectures on English philosophy$91376735 997 $aUNIOR